Online
Catalog

Víctor Jara : (Record no. 3503)

MARC details
000 -CABECERA
campo de control de longitud fija 00741nam a2200229 a 4500
001 - NÚMERO DE CONTROL
campo de control 000003681
005 - FECHA Y HORA DE LA ÚLTIMA TRANSACCIÓN
campo de control 20200929150528.0
008 - DATOS DE LONGITUD FIJA--INFORMACIÓN GENERAL
campo de control de longitud fija 090713s1999 sp ac 000 0 spa d
020 ## - NÚMERO INTERNACIONAL ESTÁNDAR DEL LIBRO
Número Internacional Estándar del Libro 8440690940
040 ## - FUENTE DE LA CATALOGACIÓN
Centro catalogador/agencia de origen DO-SdBNP
082 ## - NÚMERO DE LA CLASIFICACIÓN DECIMAL DEWEY
Número de clasificación 782.42164092
Número de documento/Ítem J37J
049 ## - FONDOS LOCALES (OCLC)
Fondos de biblioteca BNGR
100 1# - ENTRADA PRINCIPAL--NOMBRE DE PERSONA
Nombre de persona Jara, Joan
Fechas asociadas al nombre 1938-1973
9 (RLIN) 11265
240 10 - TÍTULO UNIFORME
Título uniforme Victor. An Unfinished song
245 10 - MENCIÓN DE TÍTULO
Título Víctor Jara :
Resto del título un canto truncado /
Mención de responsabilidad, etc. Joan Jara ; traducción Margarita Cavándoli.
260 ## - PUBLICACIÓN, DISTRIBUCIÓN, ETC.
Lugar de publicación, distribución, etc. Barcelona :
Nombre del editor, distribuidor, etc. Ediciones B,
Fecha de publicación, distribución, etc. 1999.
300 ## - DESCRIPCIÓN FÍSICA
Extensión 404 p. :
Otras características físicas il.,retrs.
600 14 - PUNTO DE ACCESO ADICIONAL DE MATERIA--NOMBRE DE PERSONA
Nombre de persona JARA, VICTOR
Fechas asociadas al nombre 1938-1973
9 (RLIN) 11266
650 #4 - PUNTO DE ACCESO ADICIONAL DE MATERIA--TÉRMINO DE MATERIA
Término de materia o nombre geográfico como elemento de entrada Compositores
Subdivisión geográfica Chile
Subdivisión general Biografías
9 (RLIN) 11267
700 1# - PUNTO DE ACCESO ADICIONAL--NOMBRE DE PERSONA
Nombre de persona Cavándoli, Margarita,
Término indicativo de función/relación tr.
9 (RLIN) 11268
910 ## - DATOS DE OPCIÓN DEL USUARIO (OCLC)
Datos de opción del usuario Validado. Control de calidad MFF
Holdings
Estado de retiro Estado de pérdida Restricciones de uso No para préstamo Código de colección Localización permanente Ubicación/localización actual Ubicación en estantería Fecha de adquisición Número de inventario Total de préstamos Signatura topográfica completa Código de barras Fecha visto por última vez Precio válido a partir de Tipo de ítem Koha
      Excluido de préstamo Monografías: Libros y Folletos General General Depósito 13.07.2009 LF1   782.42164092 J37J 3681-10 25.06.2020 25.06.2020 No se presta

Powered by Koha